Equipes en phases finales de Top 14 - Statistiques

Statistiques générales
  • Ce quiz a été pris 70 fois
  • Le résultat moyen est 11 sur 13
Statistiques - réponses
Nombre de qualifications Club % Correct
15 Stade Toulousain
100%
9 RC Toulon
99%
12 ASM Clermont
96%
14 Racing 92
96%
6 Stade Français
93%
6 Stade Rochelais
93%
4 Union Bordeaux Bègles
91%
3 Lyon OU
90%
9 Montpellier HR
88%
9 Castres Olympique
84%
3 USA Perpignan
82%
1 Biarritz Olympique
73%
1 US Oyonnax
52%
Aucun quiz correspondant
Distribution des résultats
% des personnes avec chaque résultat
Percentile par nombre de réponses
Votre historique - résultats
Vous n’avez pas pris ce quiz